Wilt Diseases of Crops / edited Ashok Bhattacharyya...[et al.] (Record no. 52345)

MARC details
000 -LEADER
fixed length control field 00505nam a22001577a 4500
003 - CONTROL NUMBER IDENTIFIER
control field OSt
008 - FIXED-LENGTH DATA ELEMENTS--GENERAL INFORMATION
fixed length control field 260626b |||||||| |||| 00| 0 eng d
020 ## - INTERNATIONAL STANDARD BOOK NUMBER
International Standard Book Number 9788170196358
082 ## - DEWEY DECIMAL CLASSIFICATION NUMBER
Classification number 632.4
Item number B57W
245 ## - TITLE STATEMENT
Title Wilt Diseases of Crops / edited Ashok Bhattacharyya...[et al.]
260 ## - PUBLICATION, DISTRIBUTION, ETC. (IMPRINT)
Place of publication, distribution, etc Pusa:
Name of publisher, distributor, etc IARI,
Date of publication, distribution, etc 2019.
300 ## - PHYSICAL DESCRIPTION
Extent 533 p.
650 ## - SUBJECT ADDED ENTRY--TOPICAL TERM
Topical term or geographic name as entry element Technology (Applied Sciences) | Agriculture and Related Technologies | Fungus Diseases | Plant Diseases
700 ## - ADDED ENTRY--PERSONAL NAME
Personal name Bhattacharyya, Ashok
942 ## - ADDED ENTRY ELEMENTS (KOHA)
Source of classification or shelving scheme
Koha item type Books
Holdings
Withdrawn status Lost status Source of classification or shelving scheme Damaged status Not for loan Home library Current library Shelving location Date acquired Source of acquisition Cost, normal purchase price Total Checkouts Full call number Barcode Date last seen Bill Date Koha item type Bill Number
          Dr. Rajendra Prasad Central Agricultural University Pusa, Dr. Rajendra Prasad Central Agricultural University Pusa, General Stacks 26/06/2026 Today & Tomorrow Printers and Publishers 5995.00   632.4 B57W 87574 26/06/2026 29/01/2026 Books Bill No. IN-00449
Hosted, Implemented, Customized & Maintained by: BestBookBuddies

Powered by Koha